|
|
|
|
| LEADER |
01398nam a22002657a 4500 |
| 001 |
13290 |
| 003 |
BD-DhAAL |
| 005 |
20260106143726.0 |
| 008 |
140401s1997 bg a|||| |||| 001 0 ben d |
| 020 |
|
|
|a 9840735179
|
| 040 |
|
|
|a BD-DhAAL
|c BD-DhAAL
|
| 082 |
|
|
|a 635.9/77
|2 22
|
| 100 |
|
|
|a শর্মা, দ্বিজেন.
|9 4227
|
| 245 |
|
|
|a শ্যামলী নিসর্গ :
|b ঢাকার সুদর্শন বৃক্ষ /
|c দ্বিজেন শর্মা.
|
| 260 |
|
|
|a ঢাকা :
|b বাংলা একাডেমী,
|c ১৯৯৭.
|
| 300 |
|
|
|a ৩২০ পৃ. :
|b চিত্র ;
|c ২৪ সে. মি.
|
| 500 |
|
|
|a নির্ঘন্ঠ অন্তর্ভূক্ত
|
| 541 |
|
|
|e 13290
|
| 650 |
|
|
|a Trees
|z Bangladesh.
|9 4228
|
| 852 |
|
|
|a Ayesha Abed Library
|c General Stacks
|
| 942 |
|
|
|2 ddc
|c BK
|
| 999 |
|
|
|c 14274
|d 14274
|
| 952 |
|
|
|0 0
|1 0
|2 ddc
|4 0
|6 635_977000000000000_SHA
|7 0
|9 24103
|a BRACUL
|b BRACUL
|c GEN
|d 2014-04-01
|g 200.00
|l 3
|m 30
|o 635.977 SHA
|p 3010013290
|r 2022-09-18
|s 2019-10-16
|t 1
|w 2014-04-01
|y BK
|
| 952 |
|
|
|0 0
|1 0
|2 ddc
|4 0
|6 635_977000000000000_SHA
|7 0
|9 44225
|a BRACUL
|b BRACUL
|c GEN
|d 2014-11-25
|g 200.00
|l 2
|m 15
|o 635.977 SHA
|p 3010013289
|r 2022-09-08
|s 2022-06-05
|t 2
|w 2014-11-25
|y BK
|
| 952 |
|
|
|0 0
|1 0
|2 ddc
|4 0
|6 635_900000000000000_77_SHA
|7 0
|9 58789
|a SCL
|b SCL
|c GEN
|d 2016-04-20
|g 200.00
|l 1
|o 635.977 SHA
|p 3020006820
|r 2018-09-25
|s 2018-09-23
|t 3
|w 2016-04-20
|y BK
|